[Event "III Festival A"]
[Site "Forni di Sopra ITA"]
[Date "2012.06.16"]
[Round "1"]
[White "Alsina Leal, Daniel"]
[Black "Makka, Ioulia"]
[Result "1-0"]
[WhiteElo "2540"]
[BlackElo "2149"]
[PlyCount "77"]
[EventDate "2012.06.16"]

1. e4 c6 2. d4 d5 3. e5 Bf5 4. Nf3 e6 5. Be2 Nd7 6. O-O Bg6 7. a4 Nh6 8. Bxh6
gxh6 9. a5 Bg7 10. c4 O-O 11. Nc3 f6 12. cxd5 cxd5 13. exf6 Qxf6 14. Qd2 Bh5
15. Qe3 Bf7 16. a6 b6 17. Bb5 Rad8 18. Bxd7 Rxd7 19. Ne5 Re7 20. Nb5 Be8 21.
Nd6 Rc7 22. Rac1 Qd8 23. Rxc7 Qxc7 24. Nxe8 Rxe8 25. Rc1 Qe7 26. h3 Rf8 27. Rc6
Re8 28. Qg3 Rf8 29. Nf3 Qf6 30. Qd6 Re8 31. Rc7 Bf8 32. Qg3+ Kh8 33. Rxa7 Rc8
34. Rc7 Ra8 35. a7 Qg6 36. Qxg6 hxg6 37. Ne5 Bg7 38. Rb7 Kh7 39. Nd7 1-0

[Event "III Festival A"]
[Site "Forni di Sopra ITA"]
[Date "2012.06.16"]
[Round "1"]
[White "Andersen, Alf R."]
[Black "Pozzobon, Davide"]
[Result "1-0"]
[WhiteElo "2199"]
[BlackElo "1884"]
[PlyCount "42"]
[EventDate "2012.06.16"]

1. e4 c5 2. Nf3 d6 3. Nc3 g6 4. d4 Bg7 5. dxc5 Bxc3+ 6. bxc3 dxc5 7. Qxd8+ Kxd8
8. Bc4 e6 9. Bf4 Nc6 10. Bd6 b6 11. O-O-O Ke8 12. Ne5 Nxe5 13. Bxe5 f6 14. Bb5+
Kf7 15. Bc6 fxe5 16. Bxa8 Ne7 17. Rd6 Ba6 18. Bc6 Bc4 19. a4 Kf6 20. Bb5 Bxb5
21. axb5 Kg5 1-0

[Event "III Festival A"]
[Site "Forni di Sopra ITA"]
[Date "2012.06.16"]
[Round "1"]
[White "Arun Prasad, Subramanian"]
[Black "Lantini, Marco"]
[WhiteElo "2519"]
[BlackElo "2147"]
[Result "1-0"]
[PlyCount "78"]
[EventDate "2012.06.16"]

1. d4 d5 2. c4 e6 3. Nf3 Nf6 4. g3 dxc4 5. Bg2 Nc6 6. O-O Rb8 7. e3 Bd7 8. Qe2
Na5 9. e4 Bb4 10. Ne5 O-O 11. Nc3 b5 12. Rd1 Qc8 13. Bg5 Ne8 14. Bh3 h6 15. Bf4
Nd6 16. Nd5 exd5 17. Nxd7 Nxe4 18. f3 Rd8 19. Nxb8 Qxh3 20. Bxc7 Re8 21. Na6
Nf6 22. Qg2 Qc8 23. Nxb4 Qxc7 24. Re1 Rd8 25. Qd2 Nb7 26. a3 a5 27. Nc2 Rd7 28.
Kg2 Nd8 29. Re3 Ne6 30. b4 a4 31. Rae1 Qb6 32. Re5 Rd6 33. R5e2 Qc6 34. Ne3 Rd8
35. Nf5 Rd7 36. Re5 Rc7 37. Nxh6+ gxh6 38. Qxh6 Ng7 39. Rg5 Nfh5 1-0

[Event "III Festival A"]
[Site "Forni di Sopra ITA"]
[Date "2012.06.16"]
[Round "1"]
[White "Balzano, Filli"]
[Black "Prakken, Gerrit"]
[Result "1/2-1/2"]
[WhiteElo "1913"]
[BlackElo "2203"]
[PlyCount "168"]
[EventDate "2012.06.16"]

1. e4 d6 2. d4 Nf6 3. Nc3 g6 4. Nf3 Bg7 5. Be2 O-O 6. O-O e6 7. h3 Nc6 8. Be3
h6 9. Qd2 Kh7 10. Rad1 b6 11. Nh2 Bb7 12. f4 Ne7 13. Bf3 d5 14. e5 Ne4 15. Bxe4
dxe4 16. Ng4 Nf5 17. Kh2 Qh4 18. Bf2 Qe7 19. Rfe1 h5 20. Nf6+ Bxf6 21. exf6
Qxf6 22. Nxe4 Bxe4 23. Rxe4 Rad8 24. c3 Rd7 25. Qc1 Rfd8 26. Ree1 c6 27. g4 Ng7
28. Qe3 Rd5 29. Qe4 b5 30. a4 a6 31. axb5 axb5 32. Ra1 Qe7 33. Ra6 Rc8 34. Kg2
Kg8 35. Rea1 Kh7 36. Rb6 Qd7 37. b3 Kg8 38. c4 Rd6 39. Raa6 bxc4 40. bxc4 hxg4
41. hxg4 Ne8 42. Kg3 Nf6 43. Qe5 Ne8 44. Be3 f6 45. Qa5 Rxd4 46. Bxd4 Qxd4 47.
Qe1 Qxc4 48. Qd2 e5 49. fxe5 fxe5 50. Qa2 Qxa2 51. Rxa2 Kf7 52. Raa6 Ng7 53.
Rxc6 Rxc6 54. Rxc6 Ne6 55. Ra6 Ng5 56. Kf2 Nh7 57. Ra7+ Kg8 58. Ke3 Nf6 59. Kf3
g5 60. Ra5 Kg7 61. Rxe5 Kg6 62. Ra5 Kh6 63. Ra6 Kg7 64. Rb6 Kf7 65. Rb5 Kg6 66.
Ra5 Kh6 67. Ra4 Kg6 68. Ke3 Kh6 69. Ra6 Kg7 70. Rxf6 Kxf6 71. Kd4 Ke6 72. Ke4
Kf7 73. Kf5 Kg8 74. Kxg5 Kg7 75. Kf5 Kf7 76. g5 Kg7 77. g6 Kg8 78. Kg5 Kg7 79.
Kh5 Kg8 80. Kg4 Kg7 81. Kg5 Kg8 82. Kf6 Kf8 83. Ke5 Ke7 84. Kf5 Kf8 1/2-1/2

[Event "III Festival A"]
[Site "Forni di Sopra ITA"]
[Date "2012.06.16"]
[Round "1"]
[White "Bonfa', Ileano"]
[Black "Castellano, Alfonso"]
[Result "1/2-1/2"]
[WhiteElo "2265"]
[BlackElo "1988"]
[PlyCount "64"]
[EventDate "2012.06.16"]

1. c4 Nf6 2. g3 g6 3. Bg2 Bg7 4. Nc3 e6 5. e4 d6 6. Nge2 e5 7. d3 Be6 8. O-O
O-O 9. b3 Na6 10. Bb2 c5 11. Nd5 Nxd5 12. cxd5 Bd7 13. f4 f5 14. Kh1 Rb8 15.
fxe5 dxe5 16. Qd2 Bc8 17. Rac1 b6 18. Nc3 Nc7 19. Nb1 Nb5 20. Na3 Nd4 21. Nc2
Qd6 22. Nxd4 exd4 23. Rce1 Bd7 24. Bc1 Rbe8 25. Rf2 Re7 26. Qd1 Be5 27. Bg5
Ref7 28. Bh6 Re8 29. Ref1 Bg7 30. Bf4 Be5 31. Bh6 Bg7 32. Bf4 Be5 1/2-1/2

[Event "III Festival A"]
[Site "Forni di Sopra ITA"]
[Date "2012.06.16"]
[Round "1"]
[White "Boraso, Alessio"]
[Black "Borgo, Giulio"]
[Result "0-1"]
[WhiteElo "2057"]
[BlackElo "2395"]
[PlyCount "128"]
[EventDate "2012.06.16"]

1. d4 d5 2. c4 e6 3. Nc3 c6 4. Nf3 Nf6 5. Bg5 Nbd7 6. cxd5 exd5 7. e3 Qa5 8.
Nd2 Bd6 9. Bd3 O-O 10. Qc2 Re8 11. O-O Qc7 12. h3 h6 13. Bxf6 Nxf6 14. Rae1 Bd7
15. f3 Bh2+ 16. Kh1 Nh5 17. f4 Bg3 18. Rc1 Qc8 19. Nf3 Bxh3 20. gxh3 Qxh3+ 21.
Kg1 Rxe3 22. Bf5 Bh2+ 23. Nxh2 Rg3+ 24. Kh1 Qh4 25. Qf2 g6 26. Bb1 Re8 27. Rce1
Rxe1 28. Qxe1 Qh3 29. Rg1 Re3 30. Ne2 Qe6 31. f5 Qe7 32. fxg6 f5 33. Qf1 Rxe2
34. Qxf5 Ng7 35. Qf7+ Qxf7 36. gxf7+ Kxf7 37. b3 Ne6 38. Nf3 Rf2 39. Ne5+ Ke7
40. Rd1 Kd6 41. Kg1 Rf4 42. Rf1 Rxf1+ 43. Kxf1 Nxd4 44. Nf7+ Kc5 45. Nxh6 Kb4
46. Nf5 Nb5 47. a4 Na3 48. Ba2 Kc3 49. Nd6 Kb2 50. Nxb7 Nc2 51. Ke2 Nb4 52. Ke3
Kxa2 53. Na5 Kb2 54. Kd4 Kc2 55. Nxc6 Nxc6+ 56. Kxd5 Nb8 57. Kc4 Kb2 58. b4 Ka3
59. Kb5 Kb3 60. a5 a6+ 61. Kc5 Nd7+ 62. Kd4 Kxb4 63. Kd3 Kxa5 64. Kc4 Kb6 0-1

[Event "III Festival A"]
[Site "Forni di Sopra ITA"]
[Date "2012.06.16"]
[Round "1"]
[White "Bove, Alessandro"]
[Black "Rorato, Renzo"]
[Result "1-0"]
[WhiteElo "2362"]
[BlackElo "2053"]
[PlyCount "85"]
[EventDate "2012.06.16"]

1. d4 d5 2. c4 dxc4 3. Nf3 Nf6 4. Qa4+ Nbd7 5. Nc3 c6 6. Qxc4 Nb6 7. Qd3 Be6 8.
g3 Qc8 9. Ng5 Bc4 10. Qc2 h6 11. Bh3 Qd8 12. Nf3 g5 13. Bg2 Bg7 14. O-O Be6 15.
Rd1 Qc8 16. e4 O-O 17. h4 g4 18. Ne5 Nh5 19. Be3 Nd7 20. Nd3 f5 21. Nf4 Nxf4
22. Bxf4 Nf6 23. Qd2 Kh7 24. d5 cxd5 25. exd5 Bf7 26. d6 exd6 27. Bxd6 Re8 28.
Rac1 Qd7 29. Qc2 Rac8 30. Bf8 Qe6 31. Bxg7 Kxg7 32. Bxb7 Rc7 33. Bg2 Bg6 34.
Qa4 Qc8 35. Re1 Ne4 36. Qd4+ Kh7 37. Nxe4 fxe4 38. Rxc7+ Qxc7 39. Bxe4 Rxe4 40.
Rxe4 Qc1+ 41. Kh2 Bxe4 42. Qxe4+ Kh8 43. Qd4+ 1-0

[Event "III Festival A"]
[Site "Forni di Sopra ITA"]
[Date "2012.06.16"]
[Round "1"]
[White "Capaliku, Aleks"]
[Black "Naumkin, Igor"]
[WhiteElo "2117"]
[BlackElo "2472"]
[Result "0-1"]
[PlyCount "82"]
[EventDate "2012.06.16"]

1. f4 d5 2. Nf3 g6 3. e3 Bg7 4. c4 Nf6 5. Nc3 O-O 6. d4 c5 7. dxc5 Qa5 8. Bd2
dxc4 9. Bxc4 Qxc5 10. Qe2 Nc6 11. Rc1 a6 12. O-O Qa7 13. a4 Bg4 14. h3 Bd7 15.
Kh2 e5 16. g3 Rae8 17. Qf2 Qc5 18. Ba2 exf4 19. exf4 Qh5 20. Nh4 Nb4 21. Bb1
Nbd5 22. Rfe1 Nxc3 23. Bxc3 Bxa4 24. Be5 g5 25. fxg5 Qxg5 26. Bf4 Qd5 27. Nf5
Bc6 28. Ne7+ Rxe7 29. Rxe7 Qh5 30. Qd2 Ng4+ 31. Kg1 Qxh3 32. Rxc6 bxc6 33. Bf5
c5 34. Bxg4 Qxg4 35. Kg2 Bf6 36. Re1 Qc8 37. Qd6 Bxb2 38. Re4 Qa8 39. Qe7 Bf6
40. Qxf6 Qxe4+ 41. Kh3 Qe6+ 0-1

[Event "III Festival A"]
[Site "Forni di Sopra ITA"]
[Date "2012.06.16"]
[Round "1"]
[White "Ceschia, Ivano"]
[Black "Semeria, Marco"]
[Result "1/2-1/2"]
[WhiteElo "2329"]
[BlackElo "2042"]
[PlyCount "79"]
[EventDate "2012.06.16"]

1. e4 d5 2. exd5 Nf6 3. d4 Nxd5 4. c4 Nb6 5. Nc3 c6 6. Be3 Bf5 7. Qf3 e6 8. Nh3
Be7 9. g4 Bg6 10. Nf4 N8d7 11. O-O-O Bb4 12. Bd2 Qf6 13. Ne4 Bxe4 14. Qxe4
Bxd2+ 15. Rxd2 O-O-O 16. Bd3 Qg5 17. f3 e5 18. dxe5 Qxe5 19. Qxe5 Nxe5 20. Bf5+
Kc7 21. Rxd8 Rxd8 22. Re1 Nbxc4 23. b3 Nxf3 24. Re7+ Kd6 25. Rxf7 Ne3 26. Ne6
Rd7 27. Rxd7+ Kxd7 28. Nc5+ Kc7 29. Bxh7 Nxg4 30. Ne6+ Kd6 31. Nxg7 Ngxh2 32.
Nf5+ Ke5 33. Ne3 Ng5 34. Nc4+ Kd4 35. Bg8 b6 36. Nd6 a5 37. Nc4 Kc5 38. Kb2
Nhf3 39. Kc3 Ne4+ 40. Kd3 1/2-1/2

[Event "III Festival A"]
[Site "Forni di Sopra ITA"]
[Date "2012.06.16"]
[Round "1"]
[White "Fiorido, Giuseppe"]
[Black "Romanishin, Oleg M."]
[WhiteElo "2127"]
[BlackElo "2511"]
[Result "0-1"]
[PlyCount "82"]
[EventDate "2012.06.16"]

1. e4 e5 2. Nf3 Nc6 3. Bb5 a6 4. Bxc6 dxc6 5. O-O Qd6 6. Na3 Qe6 7. d4 exd4 8.
Nxd4 Qf6 9. Re1 Bd7 10. e5 Qg6 11. e6 fxe6 12. Nc4 O-O-O 13. Bf4 c5 14. Nf3 Bc6
15. Qe2 Qf5 16. Qe3 Nf6 17. Nfe5 Nd5 18. Qa3 Qxf4 19. Nxc6 Qxc4 20. Nxd8 Kxd8
21. Rad1 Bd6 22. Qh3 Nf6 23. b3 Qg4 24. Qe3 Qh5 25. h3 Re8 26. Qd3 Kc8 27. Rd2
e5 28. Rde2 e4 29. Qc3 Qg5 30. Qe3 Qe5 31. g3 Qh5 32. Kg2 Nd5 33. Qd2 Qf3+ 34.
Kg1 e3 35. fxe3 Qxg3+ 36. Rg2 Qe5 37. e4 Nf4 38. Rh2 Ng6 39. Rhe2 Nf4 40. Rh2
g5 41. c4 Nd3 0-1

[Event "III Festival A"]
[Site "Forni di Sopra ITA"]
[Date "2012.06.16"]
[Round "1"]
[White "Hansson, Hakan"]
[Black "Rombaldoni, Axel"]
[WhiteElo "2093"]
[BlackElo "2469"]
[Result "0-1"]
[PlyCount "94"]
[EventDate "2012.06.16"]

1. d4 e6 2. Nf3 c5 3. e3 Nf6 4. Be2 b6 5. O-O Be7 6. b3 O-O 7. Bb2 d6 8. c4
Nbd7 9. Nc3 a6 10. Qc2 Qc7 11. Rad1 h6 12. e4 cxd4 13. Nxd4 Bb7 14. Kh1 Nc5 15.
f3 Rac8 16. Bc1 Rfe8 17. Be3 Bf8 18. Qd2 d5 19. cxd5 exd5 20. Nxd5 Bxd5 21.
exd5 Nxd5 22. Bg1 Nf4 23. Rfe1 Nxe2 24. Rxe2 Red8 25. Qe1 b5 26. Red2 g6 27.
Nc2 Rxd2 28. Rxd2 Ne6 29. Qd1 Qa5 30. Ne3 h5 31. Nd5 Qa3 32. Rc2 Rd8 33. Rd2
Rc8 34. Rc2 Rd8 35. Rd2 Kh8 36. Be3 Bg7 37. Nf4 Re8 38. Nxe6 Rxe6 39. Rd8+ Kh7
40. Qd2 Qb2 41. Kg1 Qa1+ 42. Kf2 Qf6 43. Bg5 Qf5 44. Be3 Rc6 45. Qb4 Rc2+ 46.
Rd2 Bc3 47. Qf8 Rxd2+ 0-1

[Event "III Festival A"]
[Site "Forni di Sopra ITA"]
[Date "2012.06.16"]
[Round "1"]
[White "Korneev, Oleg"]
[Black "Formento, Paolo"]
[Result "1-0"]
[WhiteElo "2586"]
[BlackElo "2155"]
[PlyCount "73"]
[EventDate "2012.06.16"]

1. e4 c5 2. Nf3 d6 3. d4 cxd4 4. Nxd4 Nf6 5. Nc3 g6 6. Be3 Bg7 7. f3 O-O 8. Qd2
Nc6 9. O-O-O d5 10. exd5 Nxd5 11. Nxc6 bxc6 12. Bd4 Nxc3 13. Qxc3 Bh6+ 14. Be3
Bxe3+ 15. Qxe3 Qb6 16. Qxe7 Be6 17. Qa3 Rad8 18. Bd3 Rd4 19. Rhe1 Rfd8 20. Re5
R8d5 21. Rxd5 Bxd5 22. Re1 Be6 23. Qc3 c5 24. b3 Qd6 25. g3 Bd5 26. Re8+ Kg7
27. Rc8 Bc6 28. Be4 Bxe4 29. fxe4 Kh6 30. Rxc5 Rd1+ 31. Kb2 Qd2 32. Qxd2+ Rxd2
33. Ra5 Rxh2 34. Rxa7 Kg5 35. Rxf7 Kg4 36. a4 Rh5 37. e5 1-0

[Event "III Festival A"]
[Site "Forni di Sopra ITA"]
[Date "2012.06.16"]
[Round "1"]
[White "Kragelj, Igor"]
[Black "Rubini, Alessandro"]
[Result "1-0"]
[WhiteElo "2203"]
[BlackElo "1926"]
[PlyCount "65"]
[EventDate "2012.06.16"]

1. d4 Nf6 2. c4 c5 3. d5 e6 4. Nc3 exd5 5. cxd5 d6 6. e4 g6 7. h3 Bg7 8. Nf3
O-O 9. Bd3 b6 10. O-O Ba6 11. Re1 Nfd7 12. Bf4 Qe7 13. Bxa6 Nxa6 14. Qa4 Nab8
15. Rad1 Ne5 16. Nxe5 Bxe5 17. Bxe5 Qxe5 18. Qb5 Rd8 19. Qf1 Nd7 20. f4 Qe7 21.
Qf3 a6 22. a4 Rab8 23. Qe2 Rb7 24. e5 b5 25. axb5 axb5 26. Nxb5 dxe5 27. d6 Qh4
28. fxe5 Rdb8 29. e6 Nf6 30. d7 Nxd7 31. exd7 Rxb5 32. d8=Q+ Rxd8 33. Rxd8+ 1-0

[Event "III Festival A"]
[Site "Forni di Sopra ITA"]
[Date "2012.06.16"]
[Round "1"]
[White "Litrico, Paolo"]
[Black "Arjun, Bharat"]
[Result "0-1"]
[WhiteElo "1975"]
[BlackElo "2231"]
[PlyCount "92"]
[EventDate "2012.06.16"]

1. d4 d5 2. Bf4 Nf6 3. e3 Bf5 4. c4 c6 5. Nc3 e6 6. Qb3 Qc8 7. Nf3 Nbd7 8. Rc1
Be7 9. h3 O-O 10. Be2 dxc4 11. Bxc4 Nb6 12. Be2 Nbd5 13. Bh2 Nxc3 14. bxc3 c5
15. O-O Ne4 16. Rfd1 Bd6 17. Bxd6 Nxd6 18. Qa3 Ne4 19. Nh4 c4 20. Nxf5 exf5 21.
Qb4 a5 22. Qb1 Nd6 23. a4 Qc7 24. Bf3 Ra7 25. Rd2 Qd7 26. Qa2 Rc8 27. Be2 b6
28. Rb2 Rb7 29. Bf3 Rbb8 30. Rcb1 Qc7 31. Qa3 g6 32. g3 h5 33. h4 Rd8 34. Bg2
Kg7 35. Qa2 f6 36. Re2 Re8 37. Qc2 Ne4 38. Bxe4 Rxe4 39. Qd1 Rg4 40. Reb2 g5
41. hxg5 h4 42. gxf6+ Kxf6 43. e4 hxg3 44. e5+ Ke7 45. f3 Rh4 46. d5 Qc5+ 0-1

[Event "III Festival A"]
[Site "Forni di Sopra ITA"]
[Date "2012.06.16"]
[Round "1"]
[White "Marsili, Riccardo"]
[Black "De Santis, Alessio"]
[Result "1/2-1/2"]
[WhiteElo "2041"]
[BlackElo "2326"]
[PlyCount "86"]
[EventDate "2012.06.16"]

1. c4 b6 2. Nc3 Bb7 3. e4 e6 4. g3 Nf6 5. Bg2 Bb4 6. Nge2 O-O 7. O-O e5 8. d3
Nc6 9. h3 Bc5 10. Nd5 Nxd5 11. exd5 Nd4 12. Rb1 a5 13. Be3 Nf5 14. Bxc5 bxc5
15. Qd2 d6 16. Kh2 Bc8 17. a3 a4 18. b3 axb3 19. Rxb3 Bd7 20. Ra1 Ra7 21. Rb2
Qa8 22. Rba2 Ba4 23. Rb2 Re8 24. Be4 Bd7 25. Rba2 Ne7 26. a4 Qc8 27. Bg2 Qa6
28. a5 Rb8 29. Rb2 Rab7 30. Rxb7 Rxb7 31. Be4 f5 32. Bg2 Rb4 33. Qg5 Kf8 34.
Qd2 Ba4 35. Nc3 Bd7 36. h4 Kf7 37. Bh3 Rb3 38. Qc2 Rb8 39. Qa2 g6 40. h5 g5 41.
f3 h6 42. g4 f4 43. Bg2 Kg7 1/2-1/2

[Event "III Festival A"]
[Site "Forni di Sopra ITA"]
[Date "2012.06.16"]
[Round "1"]
[White "Medancic, Rikard"]
[Black "Palazzotto, Roberto"]
[Result "1-0"]
[WhiteElo "2249"]
[BlackElo "1977"]
[PlyCount "108"]
[EventDate "2012.06.16"]

1. d4 c5 2. d5 d6 3. c4 e5 4. e4 Be7 5. Bd3 Bg5 6. Nd2 Ne7 7. Ngf3 Bh6 8. a3
O-O 9. b4 b6 10. Qc2 Ng6 11. g3 Bh3 12. Bf1 Bg4 13. h3 Bxf3 14. Nxf3 Bxc1 15.
Rxc1 Na6 16. Qa4 Nc7 17. bxc5 bxc5 18. Bd3 Ne7 19. O-O Qe8 20. Qa5 Qd7 21. Rb1
Rfb8 22. Kg2 Nc8 23. Rxb8 Rxb8 24. Rb1 Rxb1 25. Bxb1 Na8 26. Bc2 Nab6 27. Nd2
Kf8 28. Bd1 g6 29. f4 f6 30. fxe5 fxe5 31. Qc3 Qf7 32. a4 Qb7 33. Qb3 Qc7 34.
Nf3 h6 35. h4 Nd7 36. h5 g5 37. Nh2 Nf6 38. Ng4 Nxg4 39. Bxg4 Kg7 40. Be6 Nb6
41. a5 Nd7 42. Qb5 Nf6 43. a6 Qe7 44. Qb7 Kf8 45. Qb8+ Kg7 46. g4 Ne8 47. Bf5
Kf8 48. Bg6 Qd7 49. Kg3 Qa4 50. Qb2 Qxa6 51. Qf2+ Ke7 52. Qf7+ Kd8 53. Qxe8+
Kc7 54. Qe7+ Kb8 1-0

[Event "III Festival A"]
[Site "Forni di Sopra ITA"]
[Date "2012.06.16"]
[Round "1"]
[White "Movileanu, Daniela"]
[Black "Hagesaether, Ellen"]
[Result "0-1"]
[WhiteElo "1984"]
[BlackElo "2252"]
[PlyCount "76"]
[EventDate "2012.06.16"]

1. e4 e5 2. Nf3 Nc6 3. Bb5 a6 4. Ba4 Nf6 5. O-O Be7 6. Re1 b5 7. Bb3 d6 8. c3
O-O 9. d3 Bb7 10. Nbd2 h6 11. Nf1 Re8 12. Ng3 Bf8 13. Nf5 d5 14. Qe2 dxe4 15.
dxe4 Na5 16. Rd1 Qc8 17. Bc2 Qe6 18. Ng3 c5 19. Nd2 c4 20. b3 Bc6 21. bxc4 bxc4
22. Ndf1 g6 23. Be3 h5 24. h4 Ng4 25. Bb6 Nb7 26. Rab1 Bb5 27. Be3 Nc5 28. f3
Nxe3 29. Nxe3 Qf6 30. Nd5 Qxh4 31. Nf1 Rac8 32. Nfe3 Ne6 33. a4 Bc6 34. Qf2 Qg5
35. Kf1 Bc5 36. Qd2 Nf4 37. Nxf4 exf4 38. Nd5 Bxd5 0-1

[Event "III Festival A"]
[Site "Forni di Sopra ITA"]
[Date "2012.06.16"]
[Round "1"]
[White "Naroditsky, Daniel"]
[Black "Happel, Hendrik A."]
[WhiteElo "2479"]
[BlackElo "2125"]
[Result "1-0"]
[PlyCount "37"]
[EventDate "2012.06.16"]

1. Nf3 Nf6 2. g3 b6 3. Bg2 Bb7 4. d3 d5 5. O-O e6 6. c4 Be7 7. cxd5 Nxd5 8.
Qa4+ Qd7 9. Qg4 Bf8 10. Ne5 Qc8 11. Qf3 f5 12. Qh5+ Ke7 13. Bg5+ Nf6 14. Qf7+
Kd6 15. Nc4+ Kc5 16. Bxb7 Qxb7 17. Bxf6 gxf6 18. Qxf6 Rg8 19. Qxe6 1-0

[Event "III Festival A"]
[Site "Forni di Sopra ITA"]
[Date "2012.06.16"]
[Round "1"]
[White "Ninov, Nikolai Ivanov"]
[Black "Laco, Giuseppe"]
[Result "1-0"]
[WhiteElo "2471"]
[BlackElo "2105"]
[PlyCount "101"]
[EventDate "2012.06.16"]

1. e4 g6 2. d4 Bg7 3. Nc3 c6 4. h3 d5 5. Nf3 f6 6. Qe2 a6 7. e5 f5 8. Bf4 e6 9.
g4 Ne7 10. Nh4 a5 11. gxf5 exf5 12. Qd2 Kf7 13. Nf3 h6 14. h4 Ng8 15. Rg1 Be6
16. h5 gxh5 17. O-O-O Bf8 18. Rh1 Ke7 19. Rxh5 Qe8 20. Rh2 Kd7 21. Nh4 a4 22.
Qd3 Qf7 23. Bh3 Ne7 24. Ne2 a3 25. b3 Na6 26. Bd2 Bg7 27. Nf4 h5 28. Nxe6 Kxe6
29. Nf3 Kd7 30. Ng5 Qg6 31. e6+ Kc8 32. Nf7 Rg8 33. Nd6+ Kb8 34. Nxf5 Qf6 35.
Bf4+ Ka7 36. Be5 Bh6+ 37. Kb1 Qxe6 38. f4 Nb4 39. Nxh6 Qxh6 40. Qc3 Na6 41. Qa5
Raf8 42. Bc7 Rxf4 43. Bxf4 Qxf4 44. Rhh1 Qf3 45. Qxa3 c5 46. dxc5 Nc6 47. Bd7
Ncb4 48. Rhf1 Qe2 49. Bf5 Rg2 50. Qa5 Nxc2 51. Bd3 1-0

[Event "III Festival A"]
[Site "Forni di Sopra ITA"]
[Date "2012.06.16"]
[Round "1"]
[White "Osmanovic, Faruk"]
[Black "Brunello, Marina"]
[Result "0-1"]
[WhiteElo "2008"]
[BlackElo "2267"]
[PlyCount "90"]
[EventDate "2012.06.16"]

1. e4 c5 2. Nf3 d6 3. d4 cxd4 4. Qxd4 Nc6 5. Bb5 Bd7 6. Bxc6 Bxc6 7. Nc3 Nf6 8.
Bg5 e6 9. O-O Be7 10. Qd3 Qa5 11. Bd2 Qc7 12. Rfe1 O-O 13. h3 Rfd8 14. Bf4 Rac8
15. Bh2 a6 16. a4 Qa5 17. Nd4 Nd7 18. Nxc6 Rxc6 19. Qe2 Bf6 20. Nd1 Qc7 21. c3
Nc5 22. Qc2 b5 23. axb5 axb5 24. Ne3 Na4 25. Ng4 Be7 26. Qe2 Rb8 27. e5 d5 28.
Bf4 Nc5 29. f3 Nb3 30. Ra2 b4 31. cxb4 Bxb4 32. Rd1 Rc4 33. Bg5 Nd4 34. Qd3 Nf5
35. b3 Rc3 36. Qb1 Bc5+ 37. Kh2 h5 38. Nf6+ gxf6 39. Bxf6 Be7 40. Bxe7 Qxe5+
41. Kg1 Nxe7 42. b4 Nf5 43. b5 Qe3+ 44. Kh2 Rb3 45. Rb2 Qe5+ 0-1

[Event "III Festival A"]
[Site "Forni di Sopra ITA"]
[Date "2012.06.16"]
[Round "1"]
[White "Picco, Ruggero"]
[Black "Vezzosi, Paolo"]
[Result "0-1"]
[WhiteElo "2015"]
[BlackElo "2278"]
[PlyCount "58"]
[EventDate "2012.06.16"]

1. e4 c5 2. g3 Nc6 3. Bg2 g6 4. f4 Bg7 5. Nf3 d6 6. d3 e5 7. O-O Nge7 8. c3 O-O
9. Be3 b6 10. Nbd2 Ba6 11. Qc2 exf4 12. Bxf4 d5 13. e5 h6 14. g4 Qd7 15. h3
Rfe8 16. Rae1 g5 17. Bxg5 hxg5 18. Nxg5 Nxe5 19. Rxe5 Bxe5 20. d4 f5 21. dxe5
Bxf1 22. e6 Qd6 23. Nxf1 Qe5 24. Qf2 Rf8 25. Qh4 Qh8 26. Qg3 f4 27. Qd3 Qh6 28.
Bxd5 Qxg5 29. Bxa8 Rxa8 0-1

[Event "III Festival A"]
[Site "Forni di Sopra ITA"]
[Date "2012.06.16"]
[Round "1"]
[White "Popa, Claudiu"]
[Black "Dvirnyy, Danyyil"]
[WhiteElo "2146"]
[BlackElo "2515"]
[Result "0-1"]
[PlyCount "76"]
[EventDate "2012.06.16"]

1. e4 d6 2. d4 Nf6 3. Bd3 e5 4. c3 Be7 5. Ne2 O-O 6. O-O Nc6 7. Nd2 Nh5 8. f4
Nf6 9. d5 Nb8 10. Nf3 c6 11. c4 exf4 12. Kh1 Nbd7 13. Bxf4 Nc5 14. Ng3 Bg4 15.
b4 Nxd3 16. Qxd3 cxd5 17. cxd5 Nh5 18. Nxh5 Bxh5 19. Nd4 Bg6 20. Nf5 Bxf5 21.
exf5 Bf6 22. Rac1 Re8 23. Qb5 Re7 24. Rfe1 h6 25. Rxe7 Qxe7 26. Bg3 Kh7 27. Re1
Qc7 28. Qd3 Rc8 29. h3 Qb6 30. Qe4 Qa6 31. Qe2 Qb6 32. Qe4 Qa6 33. Qe2 Rc4 34.
Kh2 b5 35. a3 Qb6 36. Qe8 Qb7 37. Rd1 Bd4 38. Qe4 Bg1+ 0-1

[Event "III Festival A"]
[Site "Forni di Sopra ITA"]
[Date "2012.06.16"]
[Round "1"]
[White "Prats Rodriguez, Juan Bosco"]
[Black "Xia, Jie"]
[Result "0-1"]
[WhiteElo "2029"]
[BlackElo "2300"]
[PlyCount "126"]
[EventDate "2012.06.16"]

1. e4 c5 2. Nc3 Nc6 3. g3 g6 4. Bg2 Bg7 5. d3 e6 6. Be3 Nd4 7. Nce2 Ne7 8. c3
Nxe2 9. Nxe2 Qa5 10. Qd2 O-O 11. Bh6 d5 12. Bxg7 Kxg7 13. exd5 Nxd5 14. d4 Nf6
15. O-O cxd4 16. Nxd4 e5 17. Nb3 Qc7 18. Rad1 Be6 19. Qd6 Rac8 20. Rfe1 Bxb3
21. axb3 Rfe8 22. Bh3 Qxd6 23. Rxd6 Rc7 24. b4 b6 25. Bg2 Ree7 26. Kf1 Red7 27.
Red1 Kf8 28. Ke2 Rxd6 29. Rxd6 Ke7 30. Rd2 Ne8 31. Bd5 Rd7 32. Bb3 Rxd2+ 33.
Kxd2 f5 34. h4 Nf6 35. Ke3 Kd6 36. Bc4 Ng4+ 37. Ke2 Nf6 38. Ke3 Ng4+ 39. Ke2 e4
40. Bg8 Nf6 41. Bc4 Ke5 42. Ke3 h6 43. f4+ exf3 44. Kxf3 g5 45. hxg5 hxg5 46.
Bd3 Nd5 47. Bc4 Nf6 48. Bd3 g4+ 49. Kf2 f4 50. gxf4+ Kxf4 51. Bc4 g3+ 52. Kg1
Ng4 53. Be2 Ne3 54. c4 Ke5 55. c5 bxc5 56. bxc5 a5 57. Bf3 Nc4 58. b3 Nd2 59.
Bd1 Kd5 60. Kg2 Kxc5 61. Kxg3 Kb4 62. Kf2 Nxb3 63. Ke3 Kc3 0-1

[Event "III Festival A"]
[Site "Forni di Sopra ITA"]
[Date "2012.06.16"]
[Round "1"]
[White "Rotstein, Arkadij"]
[Black "Partac, Elena"]
[WhiteElo "2512"]
[BlackElo "2129"]
[Result "1-0"]
[PlyCount "55"]
[EventDate "2012.06.16"]

1. g3 c5 2. Bg2 Nc6 3. e4 g6 4. Ne2 Bg7 5. O-O d6 6. d3 e6 7. c3 Nge7 8. Nd2
O-O 9. Nf3 e5 10. Be3 h6 11. d4 cxd4 12. cxd4 d5 13. Nxe5 dxe4 14. Bxe4 Nxe5
15. dxe5 Bh3 16. Re1 Bxe5 17. Bxh6 Re8 18. Nf4 Qxd1 19. Raxd1 Bg4 20. f3 Bc8
21. Nd5 Nxd5 22. Bxd5 Bh3 23. Kf2 Rac8 24. Re2 Rcd8 25. Bg5 Rd7 26. Bf4 Be6 27.
Rxe5 Red8 28. Rxe6 1-0

[Event "III Festival A"]
[Site "Forni di Sopra ITA"]
[Date "2012.06.16"]
[Round "1"]
[White "Saravanan, Venkatachalam"]
[Black "Pegoraro, Nicola"]
[Result "1/2-1/2"]
[WhiteElo "2401"]
[BlackElo "2068"]
[PlyCount "36"]
[EventDate "2012.06.16"]

1. Nf3 d6 2. d4 f5 3. c4 Nf6 4. Nc3 g6 5. g3 Bg7 6. Bg2 O-O 7. O-O Nc6 8. d5
Na5 9. Nd2 c5 10. Qc2 e5 11. b3 Rb8 12. Bb2 a6 13. Rab1 b5 14. Ba1 b4 15. Nd1
Nb7 16. f4 e4 17. Ne3 Qe7 18. Bb2 Bd7 1/2-1/2

[Event "III Festival A"]
[Site "Forni di Sopra ITA"]
[Date "2012.06.16"]
[Round "1"]
[White "Sundararajan, Kidambi"]
[Black "Mastroddi, Emiliano"]
[Result "1-0"]
[WhiteElo "2447"]
[BlackElo "2089"]
[PlyCount "75"]
[EventDate "2012.06.16"]

1. d4 d5 2. c4 e6 3. Nf3 c6 4. g3 Nf6 5. Bg2 Bd6 6. Nc3 Nbd7 7. Nd2 O-O 8. O-O
Re8 9. e4 dxe4 10. Ndxe4 Be7 11. Bf4 Nxe4 12. Nxe4 Nf6 13. Nc3 Qb6 14. Na4 Qa5
15. a3 Bd7 16. b4 Qd8 17. Nc5 b6 18. Nb7 Qc8 19. Nd6 Bxd6 20. Bxd6 Qd8 21. a4
Rc8 22. Qe2 h6 23. Rfd1 a6 24. Be5 Qe7 25. c5 Nd5 26. Qxa6 bxc5 27. bxc5 Ra8
28. Qb7 Rec8 29. Rdc1 Ra5 30. Bxd5 exd5 31. Re1 Qd8 32. Bd6 Be6 33. Rxe6 fxe6
34. Be5 Qf8 35. Bxg7 Qd8 36. Be5 Qf8 37. Ra3 Re8 38. Qxc6 1-0

[Event "III Festival A"]
[Site "Forni di Sopra ITA"]
[Date "2012.06.16"]
[Round "1"]
[White "Tonon, Alessandro"]
[Black "Chiarion, Elisa"]
[Result "1-0"]
[WhiteElo "2275"]
[BlackElo "2012"]
[PlyCount "59"]
[EventDate "2012.06.16"]

1. d4 Nf6 2. Nf3 g6 3. c4 c5 4. d5 b5 5. cxb5 a6 6. b6 d6 7. e4 Bg7 8. Nc3 Qxb6
9. Be2 Bd7 10. e5 Ng4 11. exd6 exd6 12. Nd2 h5 13. h3 Nh6 14. Nc4 Qc7 15. Bf4
Bf8 16. O-O Bf5 17. g4 hxg4 18. hxg4 g5 19. Bg3 Bg6 20. Re1 Be7 21. Bf3 O-O 22.
Qd2 Rd8 23. Re2 Kg7 24. Rae1 Ng8 25. Be4 Bf6 26. Bxg6 Bxc3 27. Qxc3+ Kxg6 28.
Qd3+ Kg7 29. Qf5 f6 30. Re6 1-0